Catalog

Record Details

Catalog Search



Husitská revoluce : studie historicko-sociologická Cover Image Book Book

Husitská revoluce : studie historicko-sociologická Jan Slavík

Slavík, Jan (Author).

Record details

  • Physical Description: 126 s.
  • Edition: 1. vyd.
  • Publisher: Praha Orbis 1934

Available copies

  • 2 of 2 copies available at Common Catalog SPOK.

Holds

  • 0 current holds with 2 total copies.
Show Only Available Copies
Location Call Number / Copy Notes Barcode Shelving Location Status Due Date
ETS Library 943.70224 424470004375 Volný výběr Available -
ETS Library 943.70224 424470012933 Volný výběr Available -

LDR 00736nam a2 00253
00136826
003CZ-PrJAB
00520130123000000.0
008030724s1934 xr e |||| |cze
009cz
035 . ‡a(CONS)3861
035 . ‡aKPS3194
041 . ‡acze
08214. ‡a943.70224
100 . ‡72626 ‡aSlavík, Jan
245 . ‡aHusitská revoluce : ‡bstudie historicko-sociologická ‡cJan Slavík
250 . ‡a1. vyd.
260 . ‡aPraha ‡bOrbis ‡c1934
300 . ‡a126 s.
490 . ‡aPolitická knihovna
653 . ‡aHusitská revoluce ‡astudie historicko-sociologická
8524 . ‡bETS ‡bETS ‡cVolný výběr ‡j943.70224 ‡gA ‡p424470012933
8524 . ‡bETS ‡bETS ‡cVolný výběr ‡j943.70224 ‡gA ‡p424470004375
910 . ‡aABG450
999 . ‡a3861 ‡bAUTOGEN ‡c3861 ‡tbiblio
905 . ‡uadmin
901 . ‡a36826 ‡b ‡c36826 ‡tbiblio ‡sets

Additional Resources